Hindi ke lalith nibandhom mein samskritic mooly/ (Record no. 17558)

000 -LEADER
fixed length control field 00389nam a22001451a 4500
082 ## - DEWEY DECIMAL CLASSIFICATION NUMBER
Classification number H400 7
Item number SAN/H
100 ## - MAIN ENTRY--AUTHOR NAME
Personal name Sangeetha Sarasvath
245 ## - TITLE STATEMENT
Title Hindi ke lalith nibandhom mein samskritic mooly/
Statement of responsibility, etc by Sangeetha Sarasvath
260 ## - PUBLICATION, DISTRIBUTION, ETC. (IMPRINT)
Place of publication New Delhi:
Name of publisher Nirmal,
Year of publication 1998.
300 ## - PHYSICAL DESCRIPTION
Number of Pages 270p.
650 ## - SUBJECT ADDED ENTRY--TOPICAL TERM
Topical Term Essays Hindi Study
650 ## - SUBJECT ADDED ENTRY--TOPICAL TERM
Topical Term Literature Hindi
650 ## - SUBJECT ADDED ENTRY--TOPICAL TERM
Topical Term Literature
942 ## - ADDED ENTRY ELEMENTS (KOHA)
Koha item type Book
Holdings
Withdrawn status Lost status Damaged status Not for loan Permanent Location Current Location Date acquired Cost, normal purchase price Full call number Accession Number Cost, replacement price Price effective from Koha item type
Write off     1 Sree Sankaracharya University of Sanskrit Sree Sankaracharya University of Sanskrit 08.01.2015 300.00 H400 7 SAN HIN N98 011376 0.00 08.01.2015 Book